000 00508nam a22001931a 4500
001 18809
003 OSt
005 20260204212422.0
008 180904s2006||||ck ||||||b||||||||||spa||
020 _a9589670938
082 _a624.18341 SA194c
100 _aSánchez de Guzmán,Diego
245 _aConcretos y morteros:manejo y colocación en obra/Diego Sánchez de Guzmán
250 _a6
264 _aBogotá: Asocreto
300 _a174 p.
650 _aHormigón 2.ConstrucciónÌ
942 _2ddc
_cBK
999 _c18809
_d18809